Graecolatina Pragensia 1

Uložené v:
Podrobná bibliografia
Ďalší autori: Varcl, Ladislav, 1909-1980 (Editor)
Médium: Kniha
Jazyk:Multiple languages
Czech
English
French
German
Vydané: Praha : Universita Karlova, 1960
Vydanie:1. vyd.
Edícia:Acta Universitatis Carolinae. Philosophica et Historica 4
ISBN: (brož.)
Fyzický popis: 83 s. : 4 s. fotogr. príl.
Tagy: Pridať tag
Žiadne tagy, Buďte prvý kto otaguje tento záznam!

MARC

LEADER 00000nam a22000007a 4500
001 000463544
005 20150411095358.0
008 110930 1960 xr e mul d
020 |a (brož.)  |c Kčs 8,10 
040 |a SVKKK  |b slo  |c SVKKK  |e AACR2 
041 0 |a cze  |a eng  |a fre  |a ger 
044 |a xr  |c CZ 
245 0 0 |a Graecolatina Pragensia  |n 1  |c editor L. Varcl. 
250 |a 1. vyd. 
260 |a Praha :  |b Universita Karlova,  |c 1960  |e (Praha,  |f Mír) 
300 |a 83 s. :  |b 4 s. fotogr. príl. 
490 0 |a Acta Universitatis Carolinae. Philosophica et Historica  |v 4 
504 |a Lit. 
700 1 |a Varcl, Ladislav,  |d 1909-1980  |4 edt  |7 jk01141620 
830 0 |a Acta Universitatis Carolinae. Philosophica et Historica  |v 4 
910 |a svkkk 
998 |a BK 
090 |g SCKHL  |k Sklad Pribinova 1. posch.  |a IV.31836  |j 336051  |i 463544-10  |s Prezenčne